000 00607nam a22001575i 4500
001 153023
003 ES-MaACL
005 20230906205003.0
008 000731s1900 sp |||| | spa d
040 _aCCPB | B
_bspa
_cCCPB | B
245 0 0 _aCatálogo de las banderas y estandartes que existen á cargo del Cuerpo de Inválidos
_b: precedido de un breve resumen histórico de los expresados trofeos y de la formación del Cuerpo.
260 _aMadrid :
_b[s.n.],
_c1900 (
_fR. Velasco)
300 _a90 p. ;
_c20 cm.
650 0 4 _aBanderas-
_zEspaña.
_910494
852 _aES-MaACL
_jG-13861
_z-- Enc. tela
999 _c153023
_d153023